000 00746 a2200229 4500
999 _c9115
_d9115
020 _a9780702176647
050 0 0 _aKF 4750 BON 2007
245 0 0 _aGender, law and justice /
_cedited by Elsje Bonthuys and Catherine Albertyn.
264 _aCape Town:
_bJUTA,
_c2007
300 _alxxii, 424 p. ;
500 _aIncludes index
504 _aIncludes bibliographical references and index.
650 0 _aWomen
_xLegal status, laws, etc.
650 0 _aSex discrimination against women
_xLaw and legislation
650 0 _aEquality before the law
650 0 _aFeminist theory
650 0 _aFeminist jurisprudence
650 0 _aJustice.
700 1 _aBonthuys, E.
_q(Elsje),
_d1965-
700 1 _aAlbertyn, Cathi.
942 _2lcc
_cBK
_h4750
_iBON
_kKF